00469 2200193 4500001002100000005001500021008004100036020001800077035001900095041000700114082001000121090001600131100001300147245001900160260004200179300002200221500001000243650002200253INLIS00000000000307620241224112645241224||||||||| | ||| |||| || |  a979-655-141-1 0010-1224003076 aid0 a8x0.3 a8x0.3 DIN k0 aNh. Dini00aKuncup Berseri aJakartabGramedia Pustaka Utamac1996 a172 hlm. : 20 cm. aCet.3 0aIlmu Kesusastraan